000 00872cam a2200289 i 4500
001 2280081
003 ARRUPE
005 20151022093753.0
008 790213s1979 pauaf b 001 0ceng
010 _a 79004341
020 _a0397010435
040 _aDLC
_cDLC
_dDLC
043 _ae-uk-en
050 0 0 _aDA688
_b.E3
082 0 0 _a942.1/082
100 1 _aEdel, Leon,
_d1907-1997.
_920395
245 1 0 _aBloomsbury :
_ba house of lions /
_cLeon Edel.
250 _a1st ed.
260 _aMiddlesex
_bPenguin Books
_c1981
300 _a288 p., [4] leaves of plates :
_bill. ;
_c24 cm.
500 _aIncludes index.
504 _aBibliography: p. 275-278.
650 0 _aBloomsbury group.
_920396
651 0 _aBloomsbury (London, England)
_xIntellectual life
_y20th century.
_920397
906 _a7
_bcbc
_corignew
_d1
_eocip
_f19
_gy-gencatlg
942 _2lcc
_cMONOGRAPH
999 _c123566
_d123566